书目信息 |
| 题名: |
建筑与工业给水排水系统安全评价标准
|
|
| 作者: | ;中华人民共和国住房和城乡建设部 主编 | |
| 分册: | ||
| 出版信息: | 北京 中国建筑工业出版社 2017 |
|
| 页数: | 250页 | |
| 开本: | 21cm | |
| 丛书名: | 中华人民共和国国家标准 | |
| 单 册: | ||
| 中图分类: | TU82-65 | |
| 科图分类: | ||
| 主题词: | 给排水系统--国家标准--中国--2016 | |
| 电子资源: | ||
| ISBN: | 15112·28918 | |
| 000 | 00982nam 2200241 450 | |
| 001 | 0100004177 | |
| 005 | 20190318103230.36 | |
| 010 | @a15112·28918@dCNY42.00 | |
| 100 | @a20170607d2017 ekmy0chiy50 ea | |
| 101 | 0 | @achi |
| 102 | @aCN@b110000 | |
| 105 | @ak l 000yy | |
| 200 | 1 | @a建筑与工业给水排水系统安全评价标准@eGB/T 51188-2016@d= Standard for safety assessment of building and industry water supply and drainage system@f主编部门中华人民共和国住房和城乡建设部@zeng |
| 210 | @a北京@c中国建筑工业出版社@d2017 | |
| 215 | @a250页@d21cm | |
| 225 | 2 | @a中华人民共和国国家标准@Azhong hua ren min gong he guo guo jia biao zhun |
| 410 | 0 | @12001 @a中华人民共和国国家标准 |
| 510 | 1 | @aStandard for safety assessment of building and industry water supply and drainage system@zeng |
| 606 | 0 | @a给排水系统@x国家标准@y中国@z2016 |
| 690 | @aTU82-65@v5 | |
| 711 | 02 | @a中华人民共和国住房和城乡建设部@4主编 |
| 801 | 0 | @aCN@c20171024 |
| 905 | @a河南城建学院图书馆@dTU82-65@eZ672-2 | |
| 建筑与工业给水排水系统安全评价标准:GB/T 51188-2016= Standard for safety assessment of building and industry water supply and drainage system/主编部门中华人民共和国住房和城乡建设部.-北京:中国建筑工业出版社,2017 |
| 250页;21cm.-(中华人民共和国国家标准) |
| ISBN 15112·28918:CNY42.00 |
| ● |
| 相关链接 |
|
|
|
正题名:建筑与工业给水排水系统安全评价标准
索取号:TU82-65/Z672-2
 
预约/预借
| 序号 | 登录号 | 条形码 | 馆藏地/架位号 | 状态 | 备注 |
| 1 | 1305687 | 213056878 | 建筑库201/201建筑库 50排4列4层/ [索取号:TU82-65/Z672-2] | 在馆 | |
| 2 | 1338786 | 213387869 | 建筑库201/201建筑库 50排4列4层/ [索取号:TU82-65/Z672-2] | 在馆 | |
| 3 | 1338787 | 213387878 | 建筑库201/201建筑库 50排4列4层/ [索取号:TU82-65/Z672-2] | 在馆 |